Normal view
MARC view
- MIRACLES OF QURAN
Entry Topical Term
001 - CONTROL NUMBER
- control field: 64582
003 - CONTROL NUMBER IDENTIFIER
- control field: NUST
005 - DATE AND TIME OF LATEST TRANSACTION
- control field: 20210628203312.0
008 - FIXED-LENGTH DATA ELEMENTS
- fixed length control field: 210628|| aca||aabn | a|a d
040 ## - CATALOGING SOURCE
- Original cataloging agency: NUST
- Transcribing agency: NUST
150 ## - HEADING--TOPICAL TERM
- Topical term or geographic name entry element: MIRACLES OF QURAN
670 ## - SOURCE DATA FOUND
- Source citation: Work cat.: (NUST): Haroon Yahya:Tasadaq Hussain Raja. Dr 64581, Moajazaat quran, 2001
